|
|
|
|
| LEADER |
01747nam a22003377a 4500 |
| 001 |
34863 |
| 003 |
BD-DhAAL |
| 005 |
20230126111355.0 |
| 008 |
190723r20201992bg 000 1 ben d |
| 020 |
|
|
|a 984458051X
|
| 040 |
|
|
|a BD-DhAAL
|c BD-DhAAL
|
| 041 |
|
|
|a ben
|
| 082 |
|
|
|a 891.44371
|
| 100 |
1 |
|
|a আহমেদ, হুমায়ূন,
|d ১৯৪৮-২০১২.
|9 6691
|
| 245 |
1 |
0 |
|a শ্রেষ্ঠ গল্প /
|c হুমায়ূন আহমেদ
|
| 246 |
|
|
|a Sresta galpo
|
| 260 |
|
|
|a ঢাকা :
|b সময়,
|c ১৯৯২ [সপ্তম মুদ্রণ ২০১৬, অষ্টম মুদ্রণ ২০২০]
|
| 300 |
|
|
|a ৩৮১ পৃষ্ঠা ;
|c ২২ সে.মি.
|
| 500 |
|
|
|a Novel.
|
| 526 |
|
|
|a Residential Campus
AAL
GenEd (Residential Campus)
|
| 541 |
|
|
|a Development Book Agency
|e 34863, 34999, 40738
|
| 546 |
|
|
|a In Bengali.
|
| 650 |
|
|
|a Bengali literature.
|
| 650 |
|
|
|a Bengali essays.
|
| 651 |
|
0 |
|a Bangladesh
|x Fiction
|9 6692
|
| 852 |
|
|
|a Savar Campus Library
|c General Stacks
|
| 942 |
|
|
|2 ddc
|c BK
|
| 999 |
|
|
|c 40944
|d 40944
|
| 952 |
|
|
|0 0
|1 0
|2 ddc
|4 0
|6 891_443710000000000_AHM
|7 0
|8 FIC
|9 65710
|a SCL
|b SCL
|c GEN
|d 2019-07-17
|e Development Book Agency
|g 440.00
|l 22
|m 53
|o 891.44371 AHM
|p 3020034863
|r 2025-09-15
|s 2025-06-25
|t 1
|v 440.00
|w 2019-07-17
|y BK
|
| 952 |
|
|
|0 0
|1 0
|2 ddc
|4 0
|6 891_443710000000000_AHM
|7 0
|8 FIC
|9 65847
|a BRACUL
|b BRACUL
|c GEN
|d 2019-07-24
|e Development Book Agency
|g 440.00
|l 28
|m 156
|o 891.44371 AHM
|p 3010034999
|r 2026-04-23
|s 2026-04-20
|t 2
|v 440.00
|w 2019-07-24
|y BK
|
| 952 |
|
|
|0 0
|1 0
|2 ddc
|4 0
|6 891_443710000000000_AHM
|7 0
|8 FIC
|9 72902
|a SCL
|b SCL
|c GEN
|d 2023-01-15
|e Development Book Agency
|g 528.00
|l 15
|m 36
|o 891.44371 AHM
|p 3020040738
|r 2026-04-13
|s 2025-12-24
|t 3
|v 528.00
|w 2023-01-15
|y BK
|